000
00357nam a2200133Ia 4500
003
GCL
008
140319s9999 xx 000 0 ara d
040
_a
GCL /
_c
GCL
082
0
4
_a
274.2
_b
ا ل
245
1
0
_a
كنيستى
260
_a
[S.N] :
_b
دار الثقافة المسيحية ،
_c
1986
300
_a
63 ص
490
_a
سلسلة كتب الشباب
_v
0
999
_c
35556
_d
35556